[Event "Crema op 12th"]
[Site "Crema "]
[Date "2010.09.05"]
[Round "4"]
[White "Marchesotti, Giovanni"]
[Black "Attuati, Sara"]
[Result "1-0"]
[WhiteElo "1578"]
[BlackElo "1455"]
[PlyCount "37"]
[EventDate "2010.09.05"]
[EventType "swiss"]
[EventRounds "6"]
[EventCountry "ITA"]
[SourceTitle "EXT 2012"]
[Source "ChessBase"]
[SourceDate "2011.11.24"]
[SourceVersion "1"]
[SourceVersionDate "2011.11.24"]
[SourceQuality "1"]

1. f4 d5 2. Nf3 Bf5 3. e3 e6 4. b3 c5 5. Bb2 Nf6 6. Be2 Bd6 7. 0-0 Nbd7 8. Ne5 h6 9. g4 Bg6 10. Nxg6 fxg6 11. Bd3 g5 12. Bg6+ Ke7 13. Qf3 Qc7 14. Nc3 Nb6 15. Nb5 Qd7 16. fxg5 hxg5 17. Bxf6+ Kf8 18. Be5+ Kg8 19. Bxd6 1-0